| 000 | 00512nam a2200181Ia 4500 | ||
|---|---|---|---|
| 005 | 20250326140805.0 | ||
| 008 | 250326s9999 xx 000 0 und d | ||
| 037 | _aTextbook | ||
| 040 |
_aFMSL _beng _cFMSL |
||
| 041 |
_aeng _2eng |
||
| 084 |
_aX.1 P0 _qFMSL |
||
| 100 | _aKrugman P R | ||
| 245 | 0 |
_aInternational economics: Theory and policy _cKrugman P R; Obstfeld M |
|
| 260 |
_aNew York _bNew York, Addison Wesley _c2000 |
||
| 300 | _a750p | ||
| 942 |
_cTB _hX.1 P0 |
||
| 999 |
_c1287297 _d1287297 |
||